Anglais voc difficile G - Statistiques

Statistiques générales
  • Ce quiz a été pris 63 fois
  • Le résultat moyen est 3 sur 13
Statistiques - réponses
Français Anglais % Correct
but goal
89%
coupable guilty
89%
ordures garbage
43%
authentique genuine
19%
sombre gloomy
11%
raisons grounds
4%
être bouche bée gape at
2%
attraper grasp
2%
vue glance (at first)
0%
aperçu glimpse (catch a)
0%
intermédiaire go-between
0%
sociable gregarious
0%
épuisant gruelling
0%
Aucun quiz correspondant
Distribution des résultats
% des personnes avec chaque résultat
Percentile par nombre de réponses
Votre historique - résultats
Vous n’avez pas pris ce quiz